Megemlékezések Szegeden
Elmentve itt :
| Dokumentumtípus: | Cikk |
|---|---|
| Megjelent: |
1966-12-06
|
| Sorozat: | Délmagyarország
56 No. 287 |
| Kulcsszavak: | Sajtó Szeged 1966, sajtó |
| Online Access: | http://dmarchiv.bibl.u-szeged.hu/74746 |
| LEADER | 00407nab a2200145 i 4500 | ||
|---|---|---|---|
| 001 | delm74746 | ||
| 005 | 20180928082614.0 | ||
| 008 | 180928s1966 hu o 0|| hun d | ||
| 040 | |a SZTE Délmagyarország Archívum |b hun | ||
| 041 | |a hun | ||
| 245 | 0 | 0 | |a Megemlékezések Szegeden |h [elektronikus dokumentum] |
| 260 | |c 1966-12-06 | ||
| 300 | |a 3 | ||
| 490 | 0 | |a Délmagyarország |v 56 No. 287 | |
| 695 | |a Sajtó Szeged 1966, sajtó | ||